<?xml version="1.0" encoding="UTF-8"?>
<record
    xmlns:xsi="http://www.w3.org/2001/XMLSchema-instance"
    xsi:schemaLocation="http://www.loc.gov/MARC21/slim http://www.loc.gov/standards/marcxml/schema/MARC21slim.xsd"
    xmlns="http://www.loc.gov/MARC21/slim">

  <leader>00430nam a22001577a 4500</leader>
  <controlfield tag="005">20250915120734.0</controlfield>
  <controlfield tag="008">250915b        |||||||| |||| 00| 0 eng d</controlfield>
  <datafield tag="020" ind1=" " ind2=" ">
    <subfield code="a">979-8-88715-062-8</subfield>
  </datafield>
  <datafield tag="100" ind1=" " ind2=" ">
    <subfield code="a">BLING, SARAH</subfield>
  </datafield>
  <datafield tag="245" ind1=" " ind2=" ">
    <subfield code="a">REPRODUCTIVE SYSTEM IN FISHES</subfield>
  </datafield>
  <datafield tag="260" ind1=" " ind2=" ">
    <subfield code="a">DUBLIN</subfield>
    <subfield code="b">ORYSON PRESS</subfield>
    <subfield code="c">2023</subfield>
  </datafield>
  <datafield tag="300" ind1=" " ind2=" ">
    <subfield code="a">VI, 255P.</subfield>
  </datafield>
  <datafield tag="500" ind1=" " ind2=" ">
    <subfield code="a">INCLUDES INDEX</subfield>
  </datafield>
  <datafield tag="650" ind1=" " ind2=" ">
    <subfield code="a">1.FISHES REPRODUCTION  2. FISH PHYSIOLOGY</subfield>
  </datafield>
  <datafield tag="942" ind1=" " ind2=" ">
    <subfield code="2">lcc</subfield>
    <subfield code="c">BK</subfield>
  </datafield>
  <datafield tag="999" ind1=" " ind2=" ">
    <subfield code="c">216085</subfield>
    <subfield code="d">216085</subfield>
  </datafield>
  <datafield tag="952" ind1=" " ind2=" ">
    <subfield code="0">0</subfield>
    <subfield code="1">0</subfield>
    <subfield code="2">lcc</subfield>
    <subfield code="4">0</subfield>
    <subfield code="6">QL0639 B55  02023</subfield>
    <subfield code="7">0</subfield>
    <subfield code="9">373013</subfield>
    <subfield code="a">KSUL</subfield>
    <subfield code="b">KSUL</subfield>
    <subfield code="d">2025-09-15</subfield>
    <subfield code="i">109521</subfield>
    <subfield code="l">0</subfield>
    <subfield code="o">QL 639. B55 2023</subfield>
    <subfield code="p">000000021261</subfield>
    <subfield code="r">2025-09-15 12:09:59</subfield>
    <subfield code="t">1</subfield>
    <subfield code="w">2025-09-15</subfield>
    <subfield code="y">BK</subfield>
  </datafield>
  <datafield tag="952" ind1=" " ind2=" ">
    <subfield code="0">0</subfield>
    <subfield code="1">0</subfield>
    <subfield code="2">lcc</subfield>
    <subfield code="4">0</subfield>
    <subfield code="6">QL0639 B55  02023</subfield>
    <subfield code="7">0</subfield>
    <subfield code="9">373014</subfield>
    <subfield code="a">KSUL</subfield>
    <subfield code="b">KSUL</subfield>
    <subfield code="d">2025-09-15</subfield>
    <subfield code="i">109522</subfield>
    <subfield code="l">0</subfield>
    <subfield code="o">QL 639. B55 2023</subfield>
    <subfield code="p">000000021262</subfield>
    <subfield code="r">2025-09-15 12:09:00</subfield>
    <subfield code="t">2</subfield>
    <subfield code="w">2025-09-15</subfield>
    <subfield code="y">BK</subfield>
  </datafield>
  <datafield tag="952" ind1=" " ind2=" ">
    <subfield code="0">0</subfield>
    <subfield code="1">0</subfield>
    <subfield code="2">lcc</subfield>
    <subfield code="4">0</subfield>
    <subfield code="6">QL0639 B55  02023</subfield>
    <subfield code="7">0</subfield>
    <subfield code="9">373015</subfield>
    <subfield code="a">KSUL</subfield>
    <subfield code="b">KSUL</subfield>
    <subfield code="d">2025-09-15</subfield>
    <subfield code="i">109523</subfield>
    <subfield code="l">0</subfield>
    <subfield code="o">QL 639. B55 2023</subfield>
    <subfield code="p">000000021263</subfield>
    <subfield code="r">2025-09-15 12:09:00</subfield>
    <subfield code="t">3</subfield>
    <subfield code="w">2025-09-15</subfield>
    <subfield code="y">BK</subfield>
  </datafield>
  <datafield tag="952" ind1=" " ind2=" ">
    <subfield code="0">0</subfield>
    <subfield code="1">0</subfield>
    <subfield code="2">lcc</subfield>
    <subfield code="4">0</subfield>
    <subfield code="6">QL0639 B55  02023</subfield>
    <subfield code="7">0</subfield>
    <subfield code="9">373017</subfield>
    <subfield code="a">KSUL</subfield>
    <subfield code="b">KSUL</subfield>
    <subfield code="d">2025-09-15</subfield>
    <subfield code="i">109524</subfield>
    <subfield code="l">0</subfield>
    <subfield code="o">QL 639. B55 2023</subfield>
    <subfield code="p">000000023844</subfield>
    <subfield code="r">2025-09-15 12:09:00</subfield>
    <subfield code="t">4</subfield>
    <subfield code="w">2025-09-15</subfield>
    <subfield code="y">BK</subfield>
  </datafield>
</record>
